Manuel géologique / (Record no. 153395)

MARC details
000 -LEADER
campo de control de longitud fija 00860nam a2200193 i 4500
001 - NÚMERO DE CONTROL
campo de control 153395
003 - IDENTIFICADOR DE NÚMERO DE CONTROL
campo de control ES-MaACL
005 - FECHA Y HORA DE LA ÚLTIMA TRANSACCIÓN
campo de control 20230906205215.0
008 - DATOS DE LONGITUD FIJA--INFORMACIÓN GENERAL
campo de control de longitud fija 950503q18301840fr a |||| | fre d
040 ## - FUENTE DE CATALOGACIÓN
Centro catalogador/agencia de origen EUS
Lengua de catalogación spa
Centro/agencia transcriptor EUS
100 1# - ENTRADA PRINCIPAL--NOMBRE DE PERSONA
Nombre de persona De La Beche, Henry Thomas.
9 (RLIN) 126712
245 10 - MENCIÓN DEL TÍTULO
Título Manuel géologique /
Mención de responsabilidad, etc. par Henry T. De La Bèche ; 2e éd. publiée a Londres en 1832 traduction française ; revue et publiée par A. J. M. Brochant de Villiers.
260 ## - PUBLICACIÓN, DISTRIBUCIÓN, ETC.
Lugar de publicación, distribución, etc. Paris :
Nombre del editor, distribuidor, etc. Langlois et Leclercq, libraires anciens associés et successeurs de Pitois-Levrault et Cie,
Fecha de publicación, distribución, etc. [s.a.] (
Fabricante Imprimerie d'Hippolyte Tilliard)
300 ## - DESCRIPCIÓN FÍSICA
Extensión P.a-n, XIX, 744 p. : il. ;
Dimensiones 22 cm.
596 ## - NOTA AL PIE DE IMPRENTA
NOTA AL PIE DE IMPRENTA Del texto se deduce impreso ca. 1832.
700 1# - ENTRADA AGREGADA--NOMBRE PERSONAL
Nombre de persona Brochant de Villiers, André Jean François Marie.
9 (RLIN) 126180
852 ## - LOCALIZACIÓN
Ubicación ES-MaACL
Número de control de estantería B-8021
Nota libre -- Enc. pasta
Holdings
Estatus retirado Estado de pérdida Estado de daño No para préstamo Biblioteca de origen Biblioteca actual Ubicación en estantería Fecha de adquisición Fuente de adquisición Total de préstamos Signatura topográfica completa Código de barras Visto por última vez Precio de reemplazo Tipo de ítem Koha
        Biblioteca del Ateneo de Madrid Biblioteca del Ateneo de Madrid Sala Pardo Bazán 17/01/2008     B-8021 1160312 23/02/2023 23/02/2023 Libro impreso